| 000 | 01206cam a22002651i 4500 | ||
|---|---|---|---|
| 003 | SA-RiAUC | ||
| 005 | 20241008073257.0 | ||
| 008 | 241007s1969 su g 00010 ara c | ||
| 040 |
_aSA-MdTU _bara _cSA-RiAUC _erda |
||
| 082 | 0 | 4 |
_a251 _qSA-RiAUC |
| 090 |
_a251 _bخ ط ي |
||
| 100 | 1 |
_aالخطيب البغدادي، أحمد بن علي بن ثابت، _d392-463 هجري _eمؤلف. |
|
| 245 | 1 | 0 |
_aكتاب الفقيه والمتفقه / _cأبو بكر أحمد بن علي بن ثابت الخطيب البغدادي ؛ قام بتصحيحه والتعليق عليه إسماعيل الأنصاري. |
| 246 | 3 | 0 | _aالفقيه والمتفقه |
| 264 | 1 |
_a[مكان النشر غير محدد] : _b[الناشر غير محدد]، _c[1969] |
|
| 264 | 3 |
_aالرياض : _bمطابع القصيم |
|
| 300 |
_aمجلد ؛ _c24 سم |
||
| 336 |
_aنص _btxt _2rdacontent _3كتاب |
||
| 337 |
_aبدون وسيط _bn _2rdamedia |
||
| 338 |
_aمجلد _bnc _2rdacarrier |
||
| 650 | 7 |
_aأصول الفقه الإسلامي _2aucsh |
|
| 700 | 1 |
_aالأنصاري، إسماعيل بن محمد، _d1340-1417 هجري _eمصحح. |
|
| 942 |
_2ddc _cBOOK _n0 |
||
| 949 |
_aSA-JeALM _d241007 _umohamedma123 _n1 |
||
| 999 |
_c999 _d999 |
||